000 00412nam a22001457a 4500
003 OSt
005 20251014125357.0
008 251014b |||||||| |||| 00| 0 eng d
020 _a9780195738308
040 _cOXFOORD UNIVERSITY PRESS EAST AFRICA LTD
050 _aPL 8704 .W37 2022
245 _aKIVULI CHA NDOTO
_cWASIKE KENNA
260 _aNAIROBI KENYA
_bOXFORD PRESS EAST AFRICA LTD
_c2013
942 _2lcc
_cBK
_n0
999 _c9611
_d9611